Προγραμματισμός δράσεως επιχειρήσεων
Αποθηκεύτηκε σε:
| Κύριος συγγραφέας: | |
|---|---|
| Άλλοι συγγραφείς: | |
| Μορφή: | Βιβλίο |
| Γλώσσα: | Greek |
| Δημοσίευση: |
Πειραιάς :
Σταμούλης,
1988
|
| Θέματα: | |
| Ετικέτες: |
Προσθήκη ετικέτας
Δεν υπάρχουν, Καταχωρήστε ετικέτα πρώτοι!
|
MARC
| LEADER | 00000nam a2200000 i 4500 | ||
|---|---|---|---|
| 001 | 1/24147 | ||
| 008 | 950330s1988 gre d | ||
| 035 | |l 10022230 | ||
| 040 | |a GR-MY-UA |b gre |e aacr | ||
| 041 | 0 | |a gre | |
| 082 | 0 | |a 658.154 | |
| 100 | 1 | |a Κιόχος, Πέτρος Α. | |
| 245 | 1 | 0 | |a Προγραμματισμός δράσεως επιχειρήσεων / |c Πετ.Α.Κιόχος, Γεωρ.Δ.Παπανικολάου |
| 260 | |a Πειραιάς : |b Σταμούλης, |c 1988 | ||
| 300 | |a 272 σ. | ||
| 500 | |a Περιλαμβάνει βιβλιογραφία | ||
| 650 | 0 | 0 | |a Business |x Management. |
| 700 | 1 | |a Παπανικολάου, Γεώργιος Δ. | |
| 852 | |a INST |b CHIOS |e 19950330 |h 658.154 ΚΙΟ |p 005200002051 |q 005200002051 |t BK |y 0 | ||
| 852 | |a INST |b CHIOS |e 19980128 |h 658.154 ΚΙΟ |p 005200010015 |q 005200010015 |t BK |y 0 | ||
| 852 | |a INST |b CHIOS |e 19960926 |h 658.154 ΚΙΟ |p 005200011574 |q 005200011574 |t BK |y 0 | ||
| 852 | |a INST |b CHIOS |e 19960926 |h 658.154 ΚΙΟ |p 005200011575 |q 005200011575 |t BK |y 0 | ||
| 909 | |a Χ |b 045359 | ||
| 909 | |a Χ |b 045360 | ||
| 909 | |a Χ |b 021313 | ||
| 909 | |a Χ |b 052876 | ||
| 922 | |a 2ΕΛΗ |b 199801 |c ΒΑΡΒΑΚΗΣ |d EMVASIS | ||